00433nam a2200145Ia 4500008004100000041000900041082001500050100001800065245003200083260004800115300000700163650000800170999001700178952009200195230718s9999 xx 000 0 und d aEng. a340bMAS-P aMassed, Tahir 0aPakistan law Journal (1986) aPakistanbALL Pakistan legal decisionc1986 a78 aLaw c27382d27382 00104070aSIRC-LbSIRC-Ld2023-07-18l0o340 MAS-Pp22334r2023-07-18w2023-07-18yBK